| 000 | 00000nam 2200000za 4500 |
| 001 | 9.835602 |
| 003 | CaOODSP |
| 005 | 20221107150713 |
| 007 | cr ||||||||||| |
| 008 | 170421s2016 onc #o f000 0 eng d |
| 040 | |aCaOODSP|beng |
| 043 | |an-cn--- |
| 086 | 1 |aD2-515/2016E-PDF |
| 245 | 00|aUse of DMSO |h[electronic resource]. |
| 246 | 17|aPerformance enhancers facts and bottom line |
| 260 | |a[Ottawa?] : |bNational Defence, |c[2016]. |
| 300 | |a[3] p. |
| 500 | |aTitle from caption. |
| 500 | |a"Health promotion in the Canadian Forces, Strengthening the Forces." |
| 500 | |aIssued also in French under title: Feuillet de renseignements sur l'usage du DMSO. |
| 520 | |a"DMSO or dimethyl sulfoxide is a colorless slightly oily fluid that is derived from trees as a by-product of the production of paper. Its crystalline derivative, MSM (methyl sulfonyl methane) shares almost the same properties, as DMSO except it does not produce the garlic-like breath and body odor so commonly seen with DMSO use. MSM is also known as dimethyl sulfone, crystalline DMSO, DMSO2 or Vibrant Life."--What is it? |
| 692 | 07|2gccst|aIndustrial products |
| 692 | 07|2gccst|aMedical products |
| 710 | 1 |aCanada. |bDepartment of National Defence. |
| 775 | 08|tFeuillet de renseignements sur l'usage du DMSO |w(CaOODSP)9.835689 |
| 856 | 40|qPDF|s179 KB|uhttps://publications.gc.ca/collections/collection_2017/mdn-dnd/D2-515-2016-eng.pdf |